Statistics for Foo Fighters Albums

Click here to take the quiz!

General Stats

  • This quiz has been taken 222 times
  • The average score is 6 of 8

Answer Stats

Hint Answer % Correct
1995Foo Fighters
97%
1997The Colour and the Shape
89%
2011Wasting Light
85%
2014Sonic Highways
84%
2005In Your Honor
74%
2002One by One
72%
2007Echoes, Silence, Patience & Grace
68%
1999There Is Nothing Left to Lose
65%

Score Distribution

Percentile by Number Answered

Percent of People with Each Score

Your Score History

You have not taken this quiz